Представление документа в формате RUSMARC

ПолеНазваниеЗначение
  Тип записи a
  Библиографический уровень m
001 Контрольный номер 95e402dcf11d4620912cf406c0bd36ac
005 Дата корректировки 20150415112504.9
010 Индекс ISBN __
a ISBN 978-5-4383-0024-3
101 Язык документа 0_
a Язык текста rus
102 Страна публикации __
a Страна публикации RU
200 Заглавие и сведения об ответственности 1_
a Заглавие Таможенное декларирование и предварительное информирование в электронном виде
b Общее обозначение материала Комплект
e Сведения, относящиеся к заглавию учеб. пособие
f Первые сведения об ответственности Ю.В. Малышенко
210 Выходные данные 1_
a Место издания Санкт-Петербург
c Издательство Интермедия
d Дата издания 2014
215 Физическое описание __
a Объем 318, [1] с.
e Сопроводительные материалы 1 электрон. опт. диск (CD)
610 Ключевые слова 0_
a Ключевые слова декларирование товаров
610 Ключевые слова 0_
a Ключевые слова электронное декларирование
610 Ключевые слова 0_
a Ключевые слова информационные системы
610 Ключевые слова 0_
a Ключевые слова таможенная декларация
686 Индексы других классификаций __
a Классификационный индекс 65.9(2)843-18я73
686 Индексы других классификаций __
a Классификационный индекс 32.973я73
700 Автор _1
a Фамилия Малышенко
b Имя Ю. В.
g Полное личное имя Юрий Вениаминович
801 Источник записи _0
a Страна RU
b Организация РУК
g Правила каталогизации PSBO
c Дата составления 20150415
801 Источник записи _1
a Страна RU
b Организация РУК
g Правила каталогизации PSBO
852 Данные о местонахождении __
i Авторский знак М 20
j Шифр хранения ББК 65.9(2)8
901 Тип документа __
t Тип документа m
937 Технологическая информация __
a Создатель записи (имя) Золотухина
938 Служебная информация __
a Название организации Головной вуз
952 Тип литературы __
b Гриф литературы для ВШ гриф УМО
c Вид литературы учебное пособие